| 000 | 01601nam0a2200361 4500 | ||
|---|---|---|---|
| 001 | RU\NLR\BIBL_A\022616674 | ||
| 005 | 20260420053033.0 | ||
| 010 |
_a978-5-222-43354-6 _94000 |
||
| 021 |
_aRU _bКН-П-25-042450 _9КН-П-25-4131 |
||
| 035 | _a(NLR Aleph) 022616674 | ||
| 090 |
_a13683908 _c13683908 |
||
| 100 | _a20250908d2025 u y0rusy50 ca | ||
| 101 | 0 | _arus | |
| 102 | _aRU | ||
| 105 | _aа z 000аy | ||
| 181 | 0 |
_ai _baxxe |
|
| 182 | 0 | _an | |
| 200 | 1 |
_aЛюбовь и зомби _fАлександра Зайцева, Ксения Комарова |
|
| 203 |
_aТекст _bвизуальный _cнепосредственный |
||
| 210 |
_aРостов-на-Дону _cФеникс, Окно _d2025 |
||
| 215 |
_a285, [2] с. _cил. _d21 |
||
| 327 | 1 | _aСодерж.: Голоса в темноте; Любовь и зомби; Под небом голубым есть город золотой; Спорт у нас - достояние масс!; Мусорный ветер, дым из трубы; И напоследок | |
| 333 | _a12+ | ||
| 686 | 0 | _aШ9(2)62=Р7-4З. | |
| 686 | 0 | _aШ9(2)62=Р7-4К. | |
| 700 | 1 |
_7ca _8rus _aЗайцева _bА. В. _cдет. писатель _f1981- _gАлександра Васильевна _9198982 _3RU\NLR\AUTH\770199033 |
|
| 701 | 1 |
_7ca _8rus _aКомарова _bК. А. _cписатель _f1983- _gКсения Александровна _9252020 _3RU\NLR\AUTH\770252076 |
|
| 942 | _cBOOK | ||
| 980 | _aNB | ||